La Unión Soviética: Hechos, problemas, opiniones /
Uloženo v:
| Hlavní autor: | |
|---|---|
| Korporativní autor: | |
| Další autoři: | |
| Médium: | Text |
| Vydáno: |
Moscú:
Agencia de Prensa Novosti
|
| Tagy: |
Přidat tag
Žádné tagy, Buďte první, kdo vytvoří štítek k tomuto záznamu!
|
MARC
| LEADER | 00000 a a2200000 04500 | ||
|---|---|---|---|
| 001 | 25336 | ||
| 003 | |||
| 040 | |||
| 090 | |a 181100 | ||
| 100 | |a Grigóriev, Vladimir | ||
| 110 | |a Agencia de prensa Novosti | ||
| 245 | |a La Unión Soviética: Hechos, problemas, opiniones / |c Vladimir Grigóriev | ||
| 260 | |a Moscú: |b Agencia de Prensa Novosti | ||
| 300 | |a 85 p. | ||
| 700 | |a comp. | ||
| 999 | |c 6625 |d 6625 | ||
